[Stanovenie hodnoty majetku - hlavné aspekty ekonomickej znaleckej a expertnej činnosti]
Recenzia na publikáciu, ktorá sa zaoberá problematikou stanovenia hodnoty majetku rôznych podnikateľských subjekov. Znalecká činnosť súvisiaca so stanovením hodnoty spája tak ekonomické ako aj právne aspekty, ktoré súvisia s výkonom tejto činnosti. Snahou publikácie je tieto prístupy skĺbiť a podať...
Gespeichert in:
| 1. Verfasser: | |
|---|---|
| Format: | Buchkapitel |
| Sprache: | Slowakisch |
| Schlagworte: | |
| Tags: |
Keine Tags, Fügen Sie das erste Tag hinzu!
|
MARC
| LEADER | 00000naa$a2200000$$$4500 | ||
|---|---|---|---|
| 001 | 0091714 | ||
| 005 | 20240502072026.2 | ||
| 041 | 0 | |a slo | |
| 044 | |a SK | ||
| 245 | 1 | 0 | |a [Stanovenie hodnoty majetku - hlavné aspekty ekonomickej znaleckej a expertnej činnosti] |c Božena Chovancová |
| 520 | |a Recenzia na publikáciu, ktorá sa zaoberá problematikou stanovenia hodnoty majetku rôznych podnikateľských subjekov. Znalecká činnosť súvisiaca so stanovením hodnoty spája tak ekonomické ako aj právne aspekty, ktoré súvisia s výkonom tejto činnosti. Snahou publikácie je tieto prístupy skĺbiť a podať odborný pohľad na problematiku stanovenia hodnoty majetku v komplexnej podobe. | ||
| 610 | 2 | 0 | |a hodnota podniku |
| 610 | 2 | 0 | |a znalci |
| 610 | 2 | 0 | |a podnikatelia |
| 610 | 2 | 0 | |a legislatíva |
| 610 | 2 | 0 | |a štandardy ohodnocovacie medzinárodné |
| 610 | 2 | 0 | |a analýza finančná |
| 610 | 2 | 0 | |a recenzie |
| 100 | 1 | |a Chovancová, Božena | |